000 00610nam a22002053a 4500
005 20220603063610.0
008 010531s1998 mx fr 000 0 spa d
020 _a9681657225
035 _aUPN01000116447
049 _aI
050 4 _aPZ7
_bJ4.38 1998
100 1 _aJennings, Paul,
_d1943-
245 1 3 _aEl embuste de las coles /
_cil. de Enrique Martínez ; tr. de Paloma Villegas.
250 _a3a ed.
260 _aMéxico :
_bFCE,
_c1998
300 _a42 p. :
_bil.
440 0 _aA la orilla del viento.
_pPara los que empiezan a leer ;
_v32
650 4 _aCuentos infantiles
_96744
905 _aInfantil
999 _c89184
_d89184